| 000 | 01102nam a2200217Ii 4500 | ||
|---|---|---|---|
| 003 | JO-AjNU | ||
| 008 | 230605s9999||||xx |||||||||||||| ||und|| | ||
| 017 | _a2017/12/6479 | ||
| 040 |
_aJO-AjNU _bara _erda _cJO-AjNU |
||
| 041 | _aara | ||
| 050 | 1 | 4 | _aHD45 2019 |
| 100 | 3 |
_aالزعارير ، راكز ، م.مشارك غسان الطالب , _eauthor _957885 |
|
| 245 | 0 | 0 | _aالاداره الالكترونيه والتسويق الالكتروني لمنظمات الاعمال المعاصره: ( التسويق الالكتروني، الميزه التنافسيه، ريادة الاعمال، ادارة المعرفه ادارة الوقت الحاكميه المؤسسيه، الحكومه الالكترونيه ) |
| 250 | _aالطبعة العربية | ||
| 264 | 3 | 1 | _aعمان: دار اليازوري للنشر والتوزيع، 2019 |
| 300 | _a248ص | ||
| 336 |
_atext _btxt _2rdacontent |
||
| 337 |
_aunmediated _bn _2rdamedia |
||
| 338 |
_avolume _bnc _2rdacarrier |
||
| 650 | 4 |
_aادارة الاعمال - ادارة الكترونية - تسويق الكتروني _957886 |
|
| 999 |
_aA25966 _c29534 _d29534 |
||